000 00700nam a2200229 i 4500
001 9095
003 ES-MaACL
005 20230906145612.0
007 t|
008 930513s1973 fr ||||1| fre d
080 _a796:37.01
100 1 _aBurgener, Louis.
_932625
245 1 2 _aL'education corporelle selon Rousseau et Pestalozzi /
_cpar Louis Burgener.
260 _aParis :
_bLibrairie Philisophique J. Vrin,
_c1973.
300 _a95 p. ;
_c19 cm.
490 1 _aPsycho-pédagogie du sport
650 4 _aEduación física.
_912071
650 4 _aMétodo Pestalozzi.
_9154052
830 0 _aPsycho-pédagogie du sport
_9182001
852 _aES-MaACL
_jL-16624
_bR.113824
999 _c9095
_d9095